MARC

LEADER 00000nas a2200000 a 4500
001 ssj0001932
003 WaSeSS
005 20200512172242.0
006 m d
007 cr n
008 001108c19909999enkmx pss 0 a0eng c
010 |a  2002238744 
015 |a GBB3A7322  |2 bnb 
016 7 |a 014689992  |2 Uk 
016 |a (AMICUS)000027476043 
022 |a 1758-664X  |l 0960-0035  |y 0960-0035 
035 |a (WaSeSS)ssj0001932 
037 |b MCB University Press Limited, 60/62 Toller Lane, Bradford, England BD8 9BY 
040 |a TJC  |b eng  |e pn  |c TJC  |d OCLCQ  |d IUL  |d OCLCQ  |d F#A  |d OCLCQ  |d OCLCS  |d GUA  |d OCLCQ  |d VRC  |d UKMGB  |d OCLCQ  |d OCLCF  |d BEDGE  |d OCLCO  |d OCLCQ  |d DLC  |d NLC  |d NLE  |d OCLCQ  |d GILDS  |d OCLCO  |d VT2  |d UUM  |d OCLCO  |d U3W  |d OCLCO  |d WaSeSS 
042 |a pcc 
050 0 0 |a HF5415.7 
082 0 4 |a 658.788 
130 0 |a International journal of physical distribution & logistics management (Online) 
210 0 |a Int j. phys. distrib. logist. manag.  |b (Online) 
222 0 |a International journal of physical distribution & logistics management  |b (Online) 
245 1 0 |a International journal of physical distribution & logistics management  |h [electronic resource]. 
246 3 |a International journal of physical distribution and logistics management 
246 3 0 |a Physical distribution & logistics management 
260 |a Bradford, England :  |b MCB University Press 
310 |a 10 no. a year,  |b 1994- 
321 |a 9 no. a year,  |b 1990-1993 
362 1 |a Print began with Vol. 20, issue 1, published in 1990. 
500 |a Abstracts for 1989- also available online. Abstracts for 1989 are for issues originally published in print as: International journal of physical distribution & materials management. 
506 |a License restrictions may limit access. 
515 |a Some issues combined. 
538 |a Mode of access: World Wide Web. 
588 |a Description based on: Vol. 24, issue 1 (1994); title from introductory page, viewed July 23, 2002. 
588 |a Latest issue consulted: Vol. 47, issue 1 (2017) (Emerald Insight website, viewed Jan. 25, 2017). 
650 0 |a Physical distribution of goods  |x Management  |v Periodicals. 
650 0 |a Business logistics  |v Periodicals. 
650 0 |a Materials management  |v Periodicals. 
650 7 |a Publications périodiques.  |2 eclas 
650 7 |a Marketing.  |2 eclas 
650 7 |a Logistique.  |2 eclas 
650 7 |a Distribution.  |2 eclas 
650 7 |a Business logistics.  |2 fast  |0 (OCoLC)fst00842759 
650 7 |a Materials management.  |2 fast  |0 (OCoLC)fst01011942 
650 7 |a Physical distribution of goods  |x Management.  |2 fast  |0 (OCoLC)fst01062390 
655 0 |a Electronic journals. 
710 2 |a MCB University Press. 
776 0 8 |a Also issued in print:  |t International journal of physical distribution & logistics management  |x 0960-0035  |w (DLC) 90660242  |w (OCoLC)21987179 
780 0 0 |t International journal of physical distribution & materials management  |x 0269-8218  |w (OCoLC)760287740 
850 |a DLC 
853 2 0 |8 1  |a v.  |b no.  |u 10  |v r  |i (year)  |w 10 
856 4 0 |z Full text available from Research Library: 01/01/1992 to 1 year ago  |u https://search.proquest.com/publication/36646 
863 4 1 |8 1.1  |a 24  |b 1  |i 1994